000 01528cam a2200361 a 4500
001 15166097
005 20080701112059.0
008 080204s2008 enka b 001 0 eng
010 _a 2008004962
015 _aGBA813261
_2bnb
016 7 _a014507990
_2Uk
020 _a0470518863 (pbk.)
020 _a9780470518861 (pbk.)
035 _a(OCoLC)ocn191753150
035 _a(OCoLC)191753150
040 _aDLC
_cDLC
_dUKM
_dBTCTA
_dBAKER
_dYDXCP
_dBWKUK
_dBWK
_dBWX
_dDLC
050 0 0 _aHB139
_b.B35 2008
082 0 0 _a330.015195
_222
_bBAL
100 1 _aBaltagi, Badi H.
_q(Badi Hani)
_94324
245 1 0 _aEconometric analysis of panel data /
_cBadi H. Baltagi.
250 _a4th ed.
260 _aChichester, UK ;
_aHoboken, NJ :
_bJohn Wiley & Sons,
_cc2008.
300 _axiii, 351 p. :
_bill. ;
_c25 cm.
500 _aIncludes Index.
504 _aIncludes bibliographical references (p. 311-335) and index.
650 0 _aEconometrics.
_94325
650 0 _aPanel analysis.
_94326
856 4 2 _3Publisher description
_uhttp://www.loc.gov/catdir/enhancements/fy0814/2008004962-d.html
856 4 1 _3Table of contents only
_uhttp://www.loc.gov/catdir/enhancements/fy0814/2008004962-t.html
942 _2ddc
_cBB
999 _c11438
_d11438